Eastern Utah Libraries Catalog: Duchesne, Heber, Roosevelt, & Vernal

The knowledge (Record no. 310331)

MARC details
000 -LEADER
fixed length control field 02574cam a2200601 i 4500
001 - CONTROL NUMBER
control field on1025379087
003 - CONTROL NUMBER IDENTIFIER
control field OCoLC
005 - DATE AND TIME OF LATEST TRANSACTION
control field 20210125154955.0
008 - FIXED-LENGTH DATA ELEMENTS--GENERAL INFORMATION
fixed length control field 180221t20182018meu d 000 1 eng
010 ## - LIBRARY OF CONGRESS CONTROL NUMBER
LC control number 2018007225
020 ## - INTERNATIONAL STANDARD BOOK NUMBER
International Standard Book Number 9781432851637
Qualifying information (hardback)
020 ## - INTERNATIONAL STANDARD BOOK NUMBER
International Standard Book Number 1432851632
020 ## - INTERNATIONAL STANDARD BOOK NUMBER
Terms of availability 36.95
035 ## - SYSTEM CONTROL NUMBER
System control number (OCoLC)1025379087
Canceled/invalid control number (OCoLC)1035830197
040 ## - CATALOGING SOURCE
Original cataloging agency DLC
Language of cataloging eng
Description conventions rda
Transcribing agency DLC
Modifying agency OCLCF
-- OJ4
-- ORX
-- BKL
-- GPI
-- TJZ
-- OCP
-- FBR
-- VP@
-- DLC
-- WACOL
042 ## - AUTHENTICATION CODE
Authentication code pcc
043 ## - GEOGRAPHIC AREA CODE
Geographic area code e-uk-en
049 ## - LOCAL HOLDINGS (OCLC)
Holding library WACL
050 10 - LIBRARY OF CONGRESS CALL NUMBER
Classification number PS3557.R48998
Item number K67 2018
082 00 - DEWEY DECIMAL CLASSIFICATION NUMBER
Classification number 813/.54
Edition number 23
084 ## - OTHER CLASSIFICATION NUMBER
Classification number FIC022000
-- FIC030000
Source of number bisacsh
092 ## - LOCALLY ASSIGNED DEWEY CALL NUMBER (OCLC)
Classification number FLP
Item number Gri
100 1# - MAIN ENTRY--PERSONAL NAME
Personal name Grimes, Martha,
Relator term author.
9 (RLIN) 14689
245 14 - TITLE STATEMENT
Title The knowledge
Medium [large print] :
Remainder of title a Richard Jury mystery /
Statement of responsibility, etc Martha Grimes.
250 ## - EDITION STATEMENT
Edition statement Large print edition.
264 #1 - Production, Publication, Distribution, Manufacture, and Copyright Notice.
Place of production, publication, distribution, manufacture Waterville, Maine :
Name of producer, publisher, distributor, manufacturer Thorndike Press,
Date of production, publication, distribution, manufacture, or copyr ©2018.
300 ## - PHYSICAL DESCRIPTION
Extent 595 pages (large print) ;
Dimensions 23 cm.
336 ## - Content Type
Content type term text
337 ## - Media type
Media type term unmediated
338 ## - Carrier type
Carrier type term volume
490 0# - SERIES STATEMENT
Series statement Thorndike Press Large Print Basic
490 1# - SERIES STATEMENT
Series statement Richard Jury mystery
520 ## - SUMMARY, ETC.
Summary, etc Robbie Parsons is one of London's finest, a black cab driver who knows the city by heart. In his backseat is a man with a gun who brazenly committed a crime in front of the Artemis Club, then jumped in and ordered Parsons to drive. As the criminal eventually escapes to Nairobi, Detective Superintendent Richard Jury comes across the case in the Saturday paper and enlists his whole gang of merry characters to investigate.
650 #0 - SUBJECT ADDED ENTRY--TOPICAL TERM
Topical term or geographic name as entry element Jury, Richard (Fictitious character)
Form subdivision Fiction.
9 (RLIN) 5739495
650 #0 - SUBJECT ADDED ENTRY--TOPICAL TERM
Topical term or geographic name as entry element Police
Geographic subdivision England
Form subdivision Fiction.
9 (RLIN) 5674817
650 #0 - SUBJECT ADDED ENTRY--TOPICAL TERM
Topical term or geographic name as entry element Large type books.
9 (RLIN) 5973325
650 #7 - SUBJECT ADDED ENTRY--TOPICAL TERM
Topical term or geographic name as entry element FICTION / Mystery & Detective / General.
Source of heading or term bisacsh
9 (RLIN) 5676265
650 #7 - SUBJECT ADDED ENTRY--TOPICAL TERM
Topical term or geographic name as entry element FICTION / Suspense.
Source of heading or term bisacsh
9 (RLIN) 5675303
650 #7 - SUBJECT ADDED ENTRY--TOPICAL TERM
Topical term or geographic name as entry element Jury, Richard (Fictitious character)
Source of heading or term fast
9 (RLIN) 5973327
650 #7 - SUBJECT ADDED ENTRY--TOPICAL TERM
Topical term or geographic name as entry element Large type books.
Source of heading or term fast
9 (RLIN) 5973325
650 #7 - SUBJECT ADDED ENTRY--TOPICAL TERM
Topical term or geographic name as entry element Police.
Source of heading or term fast
9 (RLIN) 5973329
650 #4 - SUBJECT ADDED ENTRY--TOPICAL TERM
Topical term or geographic name as entry element Large type books.
9 (RLIN) 5973325
650 #4 - SUBJECT ADDED ENTRY--TOPICAL TERM
Topical term or geographic name as entry element Police
Geographic subdivision England
Form subdivision Fiction.
9 (RLIN) 5674817
650 #4 - SUBJECT ADDED ENTRY--TOPICAL TERM
Topical term or geographic name as entry element Murder
General subdivision Investigation
Form subdivision Fiction.
9 (RLIN) 5673630
650 #4 - SUBJECT ADDED ENTRY--TOPICAL TERM
Topical term or geographic name as entry element Jury, Richard (Fictitious character)
Form subdivision Fiction.
9 (RLIN) 5739495
651 #7 - SUBJECT ADDED ENTRY--GEOGRAPHIC NAME
Geographic name England.
Source of heading or term fast
9 (RLIN) 5973331
655 #7 - INDEX TERM--GENRE/FORM
Genre/form data or focus term Mystery fiction.
Source of term gsafd
9 (RLIN) 5973332
655 #7 - INDEX TERM--GENRE/FORM
Genre/form data or focus term Fiction.
Source of term fast
9 (RLIN) 5673940
655 #7 - INDEX TERM--GENRE/FORM
Genre/form data or focus term Detective and mystery fiction.
Source of term lcgft
9 (RLIN) 5683641
800 1# - SERIES ADDED ENTRY--PERSONAL NAME
Personal name Grimes, Martha.
Title of a work Richard Jury mystery.
9 (RLIN) 5973334
942 ## - ADDED ENTRY ELEMENTS (KOHA)
Koha item type BOOK
Source of classification or shelving scheme Dewey Decimal Classification
948 ## - LOCAL PROCESSING INFORMATION (OCLC); SERIES PART DESIGNATOR (RLIN)
Series part designator, SPT (RLIN) 06/20/2018
z (OCLC) Sirsi
Holdings
Withdrawn status Lost status Source of classification or shelving scheme Damaged status Not for loan Collection code Home library Current library Shelving location Date acquired Source of acquisition Cost, normal purchase price Total Checkouts Total Renewals Full call number Barcode Date last seen Date checked out Cost, replacement price Price effective from Koha item type
    Dewey Decimal Classification     Large Print Wasatch County Library Wasatch County Library First Floor 06/20/2018 Gale 36.95 6 2 F Grimes 34301001553090 02/28/2024 09/15/2023 36.95 03/20/2020 BOOK
This project was made possible through a grant from the Institute of Museum and Library Service administered by the Utah State Library Division.

Wasatch County Library

  • 465 East 1200 South, Heber City, Utah 84032
  • Phone 435-654-1511 | Fax 435-654-6456

Hours

  • Monday - Friday 9:30 AM - 8:00 PM
  • Saturday 9:30 AM - 1:30 PM
  • Closed Sundays and Holidays